Statistiques concernant Célèbres chansons françaises et leurs interprètes

Cliquez ici pour prendre le quiz!

Statistiques générales

  • Ce quiz a été pris 4 422 fois
  • Le résultat moyen est 35 sur 70

Statistiques - réponses

ChansonInterprète% Correct
Alors on danseStromae
96%
Allumer le feuJohnny Hallyday
91%
J'ai demandé à la LuneIndochine
85%
La vie en roseEdith Piaf
84%
Casser la voixPatrick Bruel
82%
En apesanteurCalogero
81%
Quand la musique est bonneJean-Jacques Goldman
81%
Pour que tu m'aimes encoreCéline Dion
80%
Joe le taxiVanessa Paradis
80%
Emmenez-moiCharles Aznavour
76%
On s'attacheChristophe Maé
76%
L'AzizaDaniel Balavoine
75%
Ca (C'est vraiment toi)Téléphone
73%
On va s'aimerGilbert Montagné
72%
Foule sentimentaleAlain Souchon
68%
Moi..LolitaAlizée
68%
Paris SeychellesJulien Doré
66%
Morgane de toiRenaud
65%
LuciePascal Obispo
64%
Savoir aimerFlorent Pagny
63%
En chantantMichel Sardou
62%
Mourir sur scèneDalida
61%
Belle-Île-en-Mer-Marie-GalanteLaurent Voulzy
61%
ZenZazie
61%
Les mots bleusChristophe
60%
Le Paradis blancMichel Berger
60%
Le téléphone pleureClaude François
58%
AvenirLouane Emera
58%
Le SudNino Ferrer
58%
Couleur menthe à l'eauEddy Mitchell
57%
Saga AfricaYannick Noah
57%
Eve lève-toiJulie Pietri
53%
Ma préférenceJulien Clerc
51%
Encore et encoreFrancis Cabrel
50%
Pourvu qu'elles soient doucesMylène Farmer
50%
Chanson pour l'AuvergnatGeorges Brassens
49%
Un peu plus près des étoilesGold
49%
Mon mec à moiPatricia Kaas
47%
NougayorkClaude Nougaro
46%
HélèneRoch Voisine
43%
Déjeuner en paixStephan Eicher
43%
SeulGarou
42%
AndyRita Mitsouko
42%
Salade de fruitsBourvil
41%
Petit papa NoëlTino Rossi
41%
La poupée qui fait nonMichel Polnareff
40%
L'école est finieSheila
39%
T'en vas pasElsa
38%
J'aime les fillesJacques Dutronc
38%
La merCharles Trenet
37%
Weekend à RomeEtienne Daho
35%
Une chanson douceHenri Salvador
32%
Où sont les femmesPatrick Juvet
32%
Les valses de VienneFrançois Feldman
31%
Toute première foisJeanne Mas
31%
Vertiges de l'amourAlain Bashung
30%
Femme que j'aimeJean-Luc Lahaye
30%
Je t'aime à l'italienneFrédéric François
28%
Requiem pour un conSerge Gainsbourg
25%
L'amour c'est comme une cigaretteSylvie Vartan
25%
Message personnelFrançoise Hardy
23%
ManurevaAlain Chamfort
22%
Mise au pointJakie Quartz
18%
DisparueJean-Pierre Mader
18%
La musique est un cri qui vient de l'intérieurBernard Lavilliers
15%
Pile ou faceCorynne Charby
14%
Quand le désert avanceFrance Gall
14%
Paris en colèreMireille Mathieu
14%
Je me sens si seulMarc Lavoine
12%
C'est si bonYves Montand
11%

Distribution des résultats

Percentile par nombre de réponses

% des personnes avec chaque résultat

Votre développement - résultats

Vous n’avez pas pris ce quiz